| 000 | 00617nam a22001937a 4500 | ||
|---|---|---|---|
| 005 | 20251108170513.0 | ||
| 008 | 250721s2002 xx 000 0 ara d | ||
| 082 | 1 | 4 | _a526.8/عبا |
| 100 | 1 | _aالعبادي، خضر | |
| 245 | 1 | 0 |
_aمبادئ الخرائط : _bمساقط الخرائط / |
| 264 | 1 |
_aعمان : _bدار العلمية للنشر و التوزيع، _c2002. |
|
| 300 | _a360ص | ||
| 490 | 0 | _aموسوعة الخرائط الكاتوكرافي ؛6 | |
| 650 | 1 | 7 | _aالخرائط |
| 650 | 1 | 7 | _aرسم الخرائط |
| 650 | 1 | 7 | _aمسقط الخريطة |
| 942 |
_2ddc _cBK |
||
| 999 |
_c42100 _d42100 |
||